00823nam a22002651ib4500003000400000005001700004008004100021020004900062040002500111082001900136100003600155245004200191264005100233264001100284300005000295336002100345336002900366337002500395338002300420490001600443500002300459521000900482650005000491830001600541OSt20200706152558.0200512t20192019enkao||jr|||| 001 0 eng d a9781912171675cRM 38.62cRM 66.39qpaperback aPPAKbengcPPAKerda04223a595.7991561 aJones, Grace, d1990- eauthor.10aHONEY BEE /cWritten by : Grace Jones 1aKing's Lynn :bThe Secret Book Company, c2019 4c©2019 a24 pages :billustrations (colour) ; c25 cm. 2rdacontentatext 2rdacontenta still image 2rdamediaaunmediated 2rdacarrieravolume0 aLife cycles aBook band: Purple. a5-7. aHoneybee vJuvenile literature.xLife cycles  aLife cycles